000 00277nam a2200121Ia 4500
008 190216s9999||||xx |||||||||||||| ||und||
100 _aNull
245 0 _aHindi-Than Ke Ajle Man Ke Kal
260 _bMac Millian And Com. Ltd
300 _a104
650 _aHindi
942 _cBK
999 _c16004
_d16004